El medio ambiente : introducción a la química medioambiental y a la contaminación /

Contenido: Introducción; La atmósfera; Aguas dulces; El entorno marino; Contaminación y recuperación de suelos; Ciclos medioambientales de los contaminantes; Métodos de control medioambiental; Efectos sobre la ecología y la salud de la contaminación química; Gestión de la calidad ambiental.

-д хадгалсан:
Номзүйн дэлгэрэнгүй
Үндсэн зохиолч: Harrison, Roy M. (ed.)
Формат: Ном
Хэл сонгох:испани
Хэвлэсэн: Zaragoza, España : Acribia, 2003, c2003
Нөхцлүүд:
Шошгууд: Шошго нэмэх
Шошго байхгүй, Энэхүү баримтыг шошголох эхний хүн болох!

MARC

LEADER 00000nam^a2200000^a^4500
001 000168723
005 20250521000000.0
009 20260310101211.857
020 |a 84-200-0966-0 
037 |a Acervo ITESO - Biblioteca 
041 |a ESP 
082 |a 628. 50154  |b HAR 
100 |a Harrison, Roy M.  |e (ed.) 
245 1 3 |a El medio ambiente :  |b introducción a la química medioambiental y a la contaminación /  |c Ed. de R.M. Harrison ; tr. por Miguel Quemada Saenz-Badillos 
264 4 |a Zaragoza, España :  |b Acribia,  |c 2003, c2003 
300 |a XVII, 461 p. 
336 |a texto  |b txt  |2 rdacontenido 
337 |a sin mediación  |b n  |2 rdamedio 
338 |a volumen  |b nc  |2 rdasoporte 
500 |a Traducción de: Understanding Our Environment. An Introdution to Environmental Chemistry and Pollution 
520 |a Contenido: Introducción; La atmósfera; Aguas dulces; El entorno marino; Contaminación y recuperación de suelos; Ciclos medioambientales de los contaminantes; Métodos de control medioambiental; Efectos sobre la ecología y la salud de la contaminación química; Gestión de la calidad ambiental. 
649 |a XX 
650 |a Contaminación Ambiental 
650 |a Conservación y Protección Ambiental 
650 |a Suelos -  |x Contaminación 
650 |a Agua -  |x Contaminación 
650 |a Productos Químicos 
650 |a Calidad Ambiental -  |x Administración 
650 |a Ingeniería Ambiental 
650 |a Química Ambiental 
910 |a Fondo General 
920 |a Impresos - Libros 
930 |a Colección General 
905 |a 101 
901 |a 0500105095  |b IT1  |c ACC  |u 20250521 
902 |a https://opac.biblio.iteso.mx/vufind/Record/000168723